Statistics for World capitals without I,O or U in their name

Click here to take the quiz!

General Stats

  • This quiz has been taken 111 times
  • The average score is 17 of 36

Answer Stats

Answer% Correct
Canberra
71%
Ankara
69%
Rabat
68%
Athens
66%
Bern
65%
Dhaka
63%
Astana
63%
Dakar
61%
Asmara
58%
Amman
58%
Accra
58%
Caracas
56%
Sanaa
53%
Havana
53%
Jakarta
53%
Belgrade
53%
Warsaw
52%
Baghdad
52%
Manama
52%
Amsterdam
50%
Tehran
50%
Zagreb
50%
Ashgabat
48%
Tashkent
45%
Kampala
45%
Yerevan
44%
Yaren
44%
Mbabane
39%
Male
39%
Valletta
37%
La Paz
35%
Harare
32%
Basseterre
27%
N'Djamena
23%
Tarawa
16%
Ramallah
0%

Score Distribution

Percentile by Number Answered

Percent of People with Each Score

Your Score History

You have not taken this quiz